Kal Aaj Aur Kal (Record no. 19417)

MARC details
000 -LEADER
fixed length control field 02955ngm a2200481 4500
003 - CONTROL NUMBER IDENTIFIER
control field dpl
005 - DATE AND TIME OF LATEST TRANSACTION
control field 2008120304574.0
007 - PHYSICAL DESCRIPTION FIXED FIELD--GENERAL INFORMATION
fixed length control field DVD
008 - FIXED-LENGTH DATA ELEMENTS--GENERAL INFORMATION
fixed length control field ||||||sp199 xxu|||||c ||| 00| 0 ng d
010 ## - LIBRARY OF CONGRESS CONTROL NUMBER
LC control number DVD-001358-1360 & DVD-004778-4780 & DVD-005667-5668
024 ## - OTHER STANDARD IDENTIFIER
Standard number or code SHE DVD 121
Terms of availability 99.00
035 ## - SYSTEM CONTROL NUMBER
System control number DVD-001358-1360
035 ## - SYSTEM CONTROL NUMBER
System control number DVD-004778-4780
035 ## - SYSTEM CONTROL NUMBER
System control number DVD-005667-5668
040 ## - CATALOGING SOURCE
Original cataloging agency DPL
Transcribing agency DPL
082 ## - DEWEY DECIMAL CLASSIFICATION NUMBER
Classification number DVD / KALA
245 ## - TITLE STATEMENT
Title Kal Aaj Aur Kal
Statement of responsibility, etc R. K. Films Presents
Medium [videorecording] DVD/
260 ## - PUBLICATION, DISTRIBUTION, ETC. (IMPRINT)
Name of publisher, distributor, etc Shemaroo Video Pvt. Ltd.
300 ## - PHYSICAL DESCRIPTION
Extent 1 videodisc DVD; (156 min.) :
Other physical details sd., col. ;
Dimensions 4 3/4 in.
Type of unit DVD
440 ## - SERIES STATEMENT/ADDED ENTRY--TITLE
Title Shemaroo Home Entertainment
500 ## - GENERAL NOTE
General note Raj Kapoor Classics
538 ## - SYSTEM DETAILS NOTE
System details note Dolby Digital 5.1 - Hindi Subtitles: English, Tamil, Telugu and Bengali
538 ## - SYSTEM DETAILS NOTE
System details note Anamorphic Wide Screen Format, Presented 2:35.1 Aspect Ratio Enhancaead for 16:9 Wide Screen
650 ## - SUBJECT ADDED ENTRY--TOPICAL TERM
Topical term or geographic name as entry element Motion Picture
700 ## - ADDED ENTRY--PERSONAL NAME
Personal name Kapoor, Raj
700 ## - ADDED ENTRY--PERSONAL NAME
Personal name Kapoor, Randhir
700 ## - ADDED ENTRY--PERSONAL NAME
Personal name Shankar Jaikishan
700 ## - ADDED ENTRY--PERSONAL NAME
Personal name Kapoor, Prithviraj
700 ## - ADDED ENTRY--PERSONAL NAME
Personal name Babita
700 ## - ADDED ENTRY--PERSONAL NAME
Personal name
942 ## - ADDED ENTRY ELEMENTS (KOHA)
Koha item type CD-ROMs, DVDs, VHS
Source of classification or shelving scheme Dewey Decimal Classification
Classification part DVD
Call number suffix KALA
Holdings
Withdrawn status Lost status Source of classification or shelving scheme Damaged status Not for loan Home library Current library Date acquired Source of acquisition Cost, normal purchase price Total Checkouts Total Renewals Full call number Barcode Date last seen Date checked out Copy number Cost, replacement price Price effective from Koha item type
    Dewey Decimal Classification     Central Library Central Library 03/12/2008 Purchase 99.00 24 1 DVD KALA DVD-001358 18/09/2012 13/09/2012 1 99.00 03/12/2008 CD-ROMs, DVDs, VHS
    Dewey Decimal Classification     Janak Puri Janak Puri 18/11/2009 Pioneers/885/29-10-09/325/13-10-09 /06-11-09 99.00 5   DVD KALA DVD-004778 29/04/2013 10/04/2013 1 99.00 18/11/2009 CD-ROMs, DVDs, VHS
    Dewey Decimal Classification     Karol Bagh Karol Bagh 12/02/2010 Pioneers/948/17-11-09/325/13-10-09 /30-11-09 99.00 5   DVD KALA DVD-005667 29/06/2012 06/06/2012 1 99.00 12/02/2010 CD-ROMs, DVDs, VHS
    Dewey Decimal Classification     Narela Narela 12/02/2010 Pioneers/948/17-11-09/325/13-10-09 /30-11-09 99.00 3   DVD KALA DVD-005668 01/02/2012 12/01/2012 1 99.00 12/02/2010 CD-ROMs, DVDs, VHS
    Dewey Decimal Classification     Patel Nagar Patel Nagar 03/12/2008 Purchase 99.00 8   DVD KALA DVD-001360 17/09/2011 12/09/2011 1 99.00 03/12/2008 CD-ROMs, DVDs, VHS
    Dewey Decimal Classification     R.K.Puram-8 R.K.Puram-8 18/11/2009 Pioneers/885/29-10-09/325/13-10-09 /06-11-09 99.00 4 1 DVD KALA DVD-004779 19/03/2014 15/03/2014 1 99.00 18/11/2009 CD-ROMs, DVDs, VHS
    Dewey Decimal Classification     Sarojini Nagar Sarojini Nagar 03/12/2008 Purchase 99.00 12   DVD KALA DVD-001359 13/08/2013 07/08/2013 1 99.00 03/12/2008 CD-ROMs, DVDs, VHS
    Dewey Decimal Classification     Vinoba Puri Vinoba Puri 18/11/2009 Pioneers/885/29-10-09/325/13-10-09 /06-11-09 99.00 6 1 DVD KALA DVD-004780 25/04/2015 19/03/2015 1 99.00 18/11/2009 CD-ROMs, DVDs, VHS

© Delhi Public Library
Hit Counter
free hit counter